[Event "Ch Pan-American (juniors) (under 14)"]
[Site "masterchessopen.com - Villa Giardino"]
[Round "3"]
[White "Goldwaser Christian (ARG)"]
[Black "Bitelmajer Martin (ARG)"]
[Result "0-1"]
[WhiteElo "2426"]
[BlackElo "2178"]

1.d4 Nf6 2.c4 c5 3.d5 e6 4.Nc3 exd5 5.cxd5 d6 6.e4 g6 7.Nf3 Bg7 8.Be2 O-O
9.O-O Re8 10.Nd2 Na6 11.Re1 Nc7 12.a4 b6 13.Qc2 Ba6 14.Bb5 Bxb5 15.axb5 Ncxd5
16.Nxd5 Nxd5 17.Rd1 Nb4 18.Qb3 d5 19.exd5 Qxd5 20.Nc4 Qe6 21.Bd2 Nd5 22.Re1
Qd7 23.Rad1 Nc7 24.Rxe8+ Rxe8 25.Qf3 Nxb5 26.Be3 Nd4 27.Bxd4 Bxd4 28.h3 Qe6
29.b3 Qe2 30.Qxe2 Rxe2 31.Rf1 Ra2 32.g3 b5 33.Nd6 a6 34.g4 Rb2 35.g5 Rxb3 {#R}
0-1

[Event "It"]
[Site "masterchessopen.com - Vladimir (Russia)"]
[Round "0"]
[White "Zabotin Alexander (RUS)"]
[Black "Prizant Jaroslav (RUS)"]
[Result "1/2-1/2"]
[WhiteElo "2330"]
[BlackElo "2483"]

1.d4 Nf6 2.c4 c5 3.d5 e6 4.Nc3 exd5 5.cxd5 d6 6.e4 g6 7.Nf3 Bg7 8.Be2 O-O
9.O-O Re8 10.Nd2 Na6 11.Re1 Nc7 12.a4 b6 13.Qc2 Rb8 14.Nc4 Ba6 15.h3 Bxc4
16.Bxc4 a6 17.Qd3 b5 18.axb5 axb5 19.Nxb5 Nxb5 20.Bxb5 Rxe4 21.Rxe4 Nxe4
22.Qxe4 Rxb5 23.Bg5 Qb8 24.Ra7 Qxa7 25.Qe8+ Bf8 26.Qxb5 Qa8 27.Qb3 Bg7 28.Bf4
Qa1+ 29.Kh2 Qxb2 30.Qxb2 Bxb2 31.Bxd6 c4 32.Kg1 f6 33.Bc5 Kf7 34.Kf1 c3 35.Bd4
Ba1 36.Be3 Ke7 37.Bc5+ Kd7 38.Ke2 f5 39.Kd3 Bb2 40.Bb4 c2 41.Kxc2 Bd4 42.f3
Be5 43.Kd3 Bc7 44.Kc4 Bf4 45.Bf8 Be5 46.Bh6 Bf6 47.Bf4 Bg7 48.Bb8 Bf6 49.f4
Be7 50.Kd4 Bf6+ 51.Kc5 Bh4 52.Be5 Bf2+ 53.Kc4 Bg3 54.Kd3 Bf2 55.Ke2 Bc5 56.g4
Be7 57.Kf3 Bh4 58.Ke3 Bg3 59.Kd3 Bf2 60.Kc4 Be3 61.Kb5 Bf2 62.Kb4 Be3 63.Kc4
Bf2 64.Bd4 Bg3 65.Be3 Kd6 66.Kd4 Bh2 67.Bd2 Bg1+ 68.Kc4 Bh2 69.Be3 Bg3 70.Ba7
Kc7 71.Be3 {#d} 1/2-1/2

[Event "Memorial Schneider (cat.4)"]
[Site "masterchessopen.com - Budapest (Hungary)"]
[Round "10"]
[White "Banusz Tamas (HUN)"]
[Black "Anka Emil (HUN)"]
[Result "1/2-1/2"]
[WhiteElo "2376"]
[BlackElo "2435"]

1.d4 Nf6 2.c4 e6 3.Nf3 c5 4.d5 exd5 5.cxd5 d6 6.Nc3 g6 7.Nd2 Bg7 8.e4 O-O
9.Be2 Na6 10.O-O Re8 11.Re1 Nc7 12.a4 Rb8 13.Qc2 b6 {#d} 1/2-1/2

[Event "Ch Europe (juniors) (under 16) (g)"]
[Site "masterchessopen.com - Budva (Yugoslavia)"]
[Round "4"]
[White "Khudaverdieva Afag (AZE)"]
[Black "Saulyte Gabriele (LTU)"]
[Result "1-0"]
[WhiteElo "2086"]
[BlackElo "1997"]

1.d4 Nf6 2.c4 c5 3.d5 e6 4.Nc3 exd5 5.cxd5 d6 6.e4 g6 7.Nf3 Bg7 8.Nd2 O-O
9.Be2 Re8 10.O-O Na6 11.Qc2 Nc7 12.a4 Nfxd5 13.exd5 Bxc3 14.bxc3 Rxe2 15.c4
Qg5 16.Qd3 Re8 17.Bb2 f6 18.Nf3 Qf5 19.Qc3 Kf7 20.Rae1 g5 21.Nd2 Qg6 22.Ne4
Rxe4 23.Rxe4 Qxe4 24.Qxf6+ Ke8 25.Bc3 Nxd5 26.cxd5 Qxd5 27.Qg7 Be6 28.Re1 {#r}
1-0

[Event "Extra League 2003/04"]
[Site "masterchessopen.com - Czech Republic"]
[Date "2004.02.08"]
[Round "7"]
[White "Timoscenko Gennadij (SVK)"]
[Black "Simacek Pavel (CZE)"]
[Result "1-0"]
[WhiteElo "2504"]
[BlackElo "2424"]

{ } 1.d4 { 1 } 1...Nf6 2.c4 c5 3.d5 e6 4.Nc3 exd5 5.cxd5 d6 6.Nf3 g6 7.Nd2 Bg7
8.e4 O-O 9.Be2 Re8 10.O-O Na6 11.Re1 Nc7 12.a4 b6 { = } ( 12...a6 13.f4 Rb8
14.a5 Bd7 15.Bf3 Bb5 16.Nf1 Bxf1 17.Kxf1 Nd7 18.g3 b5 19.axb6 Rxb6 20.Qc2 Qb8
21.Ra2 Nb5 22.Nxb5 axb5 23.Bd2 b4 24.b3 Rb7 25.Ra6 Ra7 26.Qd3 Bd4 27.Be3 Bxe3
28.Rxe3 Qc7 29.Qb5 Rxa6 30.Qxa6 c4 31.Qxc4 Qxc4+ 32.bxc4 { ...0-1, Andersen
Bjarne Hjorth - Matulovic Milan 2424 , Habana 1966 Olympiad } ) 13.h3 ( 13.f3
Rb8 14.Nc4 Ba6 15.Ne3 Bxe2 16.Rxe2 Nh5 17.Nc4 Bd4+ 18.Be3 Nf4 19.Re1 Bxe3+
20.Rxe3 a6 21.g3 Nh5 22.f4 b5 23.Na5 Qf6 24.Nc6 Ra8 25.e5 dxe5 26.fxe5 Qg5
27.Qf3 f5 28.d6 b4 29.dxc7 bxc3 30.Rxc3 f4 31.h4 Qxg3+ 32.Qxg3 Nxg3 { ...1-0,
Kastelic Marian 2364 - Rusjan Miran 2244 , Bled 1999 Ch Slovenia (team) } ) (
13.Rb1 h5 14.f3 Nd7 15.Nc4 Ne5 16.Be3 Rb8 17.Qd2 Nxc4 18.Bxc4 f5 19.Bg5 Qd7
20.exf5 Qxf5 21.Nb5 Rxe1+ 22.Rxe1 Nxb5 23.Re8+ Kh7 24.Bxb5 Qb1+ 25.Kf2 Bxb2
26.Bd3 Bd4+ 27.Be3 Qa1 28.Re7+ Kg8 29.Bxg6 Qxa4 30.Bxd4 Qxd4+ 31.Qxd4 cxd4
32.Rxa7 b5 { ...1-0, Ftacnik Lubomir 2582 - Suba Mihai 2522 , New York 1987 It
(open) } ) 13...Rb8 14.Bb5 ( 14.Bf1 a6 15.Nf3 Bb7 16.Qc2 Qd7 17.Rb1 Rbc8
18.Bf4 b5 19.Rbd1 c4 20.b4 a5 21.Nxb5 Nxb5 22.axb5 Nh5 23.Bh2 axb4 24.Bxc4 Bc3
25.Nd2 f5 26.Re2 fxe4 27.Rxe4 Rxe4 28.Qxe4 Nf6 29.Qd3 Qf5 30.Bxd6 Qxd3 31.Bxd3
Bxd5 32.b6 Nd7 33.Bc7 Bd4 { ...1-0, Neverov Valeriy 2515 - Notkin Maksim 2520
, Yalta 1996 It (open) } ) 14...Re7 15.Nf3 ( 15.Bc6 a6 16.Nf3 Nfe8 17.Bg5 f6
18.Bf4 Bd7 19.Qb3 Kh8 20.Rad1 g5 21.Bg3 b5 22.axb5 axb5 23.e5 dxe5 24.Ne4 c4
25.Qc2 Bf5 26.d6 Nxd6 27.Qd2 Nf7 28.Qb4 Qf8 29.Nc5 Nd8 30.Be4 Bxe4 31.Nxe4
Nde6 32.Nxf6 Bxf6 33.Nxe5 Rbe8 34.Nc6 Rg7 { ...1-0, Cherepanov Andrey 2368 -
Bratchenko Alexander 2405 , Arkhangelsk 1996 Ch Russia (1/2 final) } ) (
15.Bf1 a6 16.Nc4 b5 17.axb5 axb5 18.Na5 Bd7 19.f3 b4 20.Ne2 Nb5 21.Nc4 Nxe4
22.fxe4 Rxe4 23.Nf4 Bd4+ 24.Kh2 Rxe1 25.Qxe1 Qf6 26.Bd3 h5 27.Ne2 { 0-1, Xu
Yuanyuan 2381 - Gutman Lev 2497 , Bad Zwesten 2003 It (open) } ) 15...a6 (
15...Nxb5 16.axb5 Ra8 17.Bf4 a6 18.e5 Ne8 19.Qb3 Bb7 20.Bg5 f6 21.exf6 Rxe1+
22.Rxe1 Nxf6 23.bxa6 Bxa6 24.Ne4 b5 25.Nh2 Qf8 26.Nxf6+ Bxf6 27.Bxf6 Qxf6
28.Ng4 Qd4 29.Qf3 Qg7 30.Nf6+ Kh8 31.Ne8 { 1-0, Stohl Igor 2540 - Hall Jesper
2485 , Germany 1998 Bundesliga 1998/99 } ) 16.Bc6 { } 16...Nce8 { N } (
16...Nd7 17.Bg5 f6 18.Bf4 Ne8 19.Qc2 Ne5 20.Nxe5 fxe5 21.Be3 Nf6 22.g4 Rf7
23.f3 h5 24.g5 Nh7 25.Qg2 h4 26.Kh2 Bf8 27.Rg1 Be7 28.Raf1 Qf8 29.Qd2 Rxf3
30.Qg2 Rxe3 31.Rxf8+ Bxf8 32.Qf2 Rxh3+ 33.Kg2 Bg4 34.Rc1 Rg3+ 35.Kh2 Rf3
36.Qxh4 { ...0-1, Peng Zhaoqin 2419 - Emms John M 2455 , Beijing 1993 Cup
S.T.Lee } ) ( 16...Nfe8 17.Bg5 f6 18.Bf4 Bd7 19.Qb3 Kh8 20.Rad1 g5 21.Bg3 b5
22.axb5 axb5 23.e5 dxe5 24.Ne4 c4 25.Qc2 Bf5 26.d6 Nxd6 27.Qd2 Nf7 28.Qb4 Qf8
29.Nc5 Nd8 30.Be4 Bxe4 31.Nxe4 Nde6 32.Nxf6 Bxf6 33.Nxe5 Rbe8 34.Nc6 Rg7
35.Bd6 Qg8 36.Qa5 { ...1-0, Cherepanov Andrey 2368 - Bratchenko Alexander 2405
, Arkhangelsk 1996 Ch Russia (1/2 final) } ) 17.e5 dxe5 18.Nxe5 Nh5 19.Nc4 {
?! } ( 19.Bg5 { !? } 19...Bf6 20.Bxe8 Qxe8 21.Nc6 { } ) 19...Nd6 { ? } ( { ? }
19...Bb7 20.Be3 Nd6 21.Nxd6 Qxd6 { } ) 20.Nxd6 Qxd6 21.Rxe7 Qxe7 22.g4 Bxc3
23.bxc3 Qe4 24.gxh5 Bxh3 25.f3 Qe5 26.f4 Qe4 27.Ra2 gxh5 28.Qe2 Qg6+ 29.Kh2
Bg4 30.Qe5 Rd8 31.Qg5 Qxg5 32.fxg5 b5 33.axb5 axb5 34.Kg3 b4 35.c4 { } {#r}
1-0

[Event "Ch Turkey"]
[Site "masterchessopen.com - Kusadasi (Turkey)"]
[Date "2004.02.29"]
[Round "3"]
[White "Tekin Mehmet (TUR)"]
[Black "Erdogan Hakan (TUR)"]
[Result "0-1"]
[WhiteElo "1847"]
[BlackElo "2220"]

1.d4 Nf6 2.c4 e6 3.Nc3 c5 4.d5 exd5 5.cxd5 d6 6.e4 g6 7.Nf3 Bg7 8.Be2 O-O
9.O-O Re8 10.Nd2 Na6 11.Re1 Nc7 12.Qc2 Ng4 13.h3 Nxf2 14.Kxf2 Bd4+ 15.Kg3 Be5+
16.Kf2 Qh4+ 17.Kf1 Bd4 18.Nd1 Bxh3 19.Nf3 Qg3 20.Bd3 Qxf3+ 21.Nf2 Qxg2+ 22.Ke2
Qxf2+ 23.Kd1 Bg4+ 24.Be2 Bxe2+ 25.Rxe2 Qf1+ 26.Re1 Qf3+ 27.Re2 Nxd5 28.Ke1 Be3
29.Bxe3 Nxe3 30.Qd3 Rxe4 31.Kd2 Nc4+ {#R} 0-1

[Event "Ch Baden (MA)"]
[Site "masterchessopen.com - Eppingen (Germany)"]
[Date "2004.04.16"]
[Round "10"]
[White "Lehmann Erich (GER)"]
[Black "Marian Hartmut (GER)"]
[Result "0-1"]
[WhiteElo "2095"]
[BlackElo "2039"]

1.d4 Nf6 2.c4 c5 3.d5 e6 4.Nc3 exd5 5.cxd5 d6 6.e4 g6 7.Nf3 Bg7 8.Be2 O-O
9.O-O Re8 10.Nd2 Na6 11.a4 Nc7 12.Bd3 b6 13.Nc4 Ba6 14.Qc2 Rb8 15.h3 Bxc4
16.Bxc4 a6 17.Be2 b5 18.axb5 axb5 19.Bf3 b4 20.Ne2 Nb5 21.Bf4 Nd7 22.Rfe1 Ne5
23.Bxe5 Bxe5 24.Ra6 Qf6 25.b3 Re7 26.Qc4 Reb7 27.Qd3 Rb6 28.Ra5 Qd8 29.Bg4
R6b7 30.Ra6 Nc3 31.g3 h5 32.f4 Nxe2+ 33.Bxe2 Bd4+ 34.Kg2 Rb6 35.Rxb6 Rxb6
36.Bf3 Rb7 37.Qa6 Re7 38.Re2 Kg7 39.Ra2 Rc7 40.Be2 Qe7 41.Bd3 c4 42.e5 cxd3
43.Qxd6 Qxd6 44.exd6 {#R} 0-1

[Event "It (open) \"]
[Site "masterchessopen.com - Pardubice (Czech Republic)"]
[Date "2004.07.28"]
[Round "6"]
[White "Burmakin Vladimir (RUS)"]
[Black "Kryakvin Dmitry (RUS)"]
[Result "1/2-1/2"]
[WhiteElo "2549"]
[BlackElo "2487"]

1.d4 Nf6 2.Nf3 g6 3.c4 Bg7 4.Nc3 O-O 5.e4 d6 6.Be2 c5 7.d5 e6 8.O-O exd5
9.cxd5 Re8 10.Nd2 Na6 11.Re1 Nc7 12.a4 Nd7 13.Nc4 Ne5 14.Ne3 f5 15.f4 Nf7
16.exf5 gxf5 17.g3 Bd7 18.Qd3 Qf6 19.Bd2 Re7 20.Ncd1 Rae8 21.Bc3 Qg6 22.Bf3 b5
23.axb5 Nxb5 24.Nc2 Rxe1+ 25.Bxe1 Nd4 26.Nc3 Rb8 27.Rxa7 Nxf3+ 28.Qxf3 Rxb2
29.Ne3 Rb3 30.Ra8+ Bf8 31.Qd1 Rb4 32.Qe2 Rxf4 33.Ng2 Re4 34.Nxe4 fxe4 35.Nf4
Qf5 36.Bc3 Ng5 37.Qb2 Qg4 38.Qe2 Nh3+ 39.Kf1 Bb5 40.Qxb5 Qf3+ 41.Ke1 Qxc3+
42.Kd1 Nxf4 43.gxf4 Qd4+ 44.Ke1 Qc3+ 45.Ke2 Qf3+ 46.Ke1 Qc3+ 47.Ke2 {#d}
1/2-1/2

[Event "It (cat.7)"]
[Site "masterchessopen.com - Budapest (Hungary)"]
[Date "2004.08.16"]
[Round "10"]
[White "Berczes David (HUN)"]
[Black "Rupprecht Andreas (GER)"]
[Result "1/2-1/2"]
[WhiteElo "2321"]
[BlackElo "2342"]

1.d4 Nf6 2.c4 c5 3.d5 e6 4.Nc3 exd5 5.cxd5 d6 6.Nf3 g6 7.Nd2 Bg7 8.e4 O-O
9.Be2 Re8 10.O-O Na6 11.Bb5 Bd7 12.a4 Nb4 13.f3 Bxb5 14.axb5 Nh5 15.Nc4 Bd4+
16.Be3 Nf4 17.Qd2 Bxe3+ 18.Nxe3 a6 19.Nc4 Qf6 20.bxa6 bxa6 21.Kh1 Rad8 22.Na2
Nfd3 23.Nxb4 Nxb4 24.Qc3 Qe7 25.Rae1 Na2 26.Qd2 Nb4 27.f4 f6 28.f5 g5 29.h4 h6
30.g3 Qf7 31.hxg5 hxg5 32.Kg2 Kg7 33.Rh1 Rh8 34.Kf3 Qe7 35.g4 Rde8 {#d}
1/2-1/2

[Event "Extraliga 2004/05"]
[Site "masterchessopen.com - Czech Republic"]
[Date "2004.12.05"]
[Round "4"]
[White "Jedynak Radoslaw (POL)"]
[Black "Simacek Pavel (CZE)"]
[Result "1-0"]
[WhiteElo "2415"]
[BlackElo "2424"]

1.d4 Nf6 2.c4 c5 3.d5 e6 4.Nc3 exd5 5.cxd5 d6 6.e4 g6 7.Nf3 Bg7 8.Be2 O-O
9.O-O Re8 10.Nd2 Na6 11.Re1 Nc7 12.a4 h5 13.Qc2 Ng4 14.Bxg4 hxg4 15.Nc4 Qf6
16.Qd3 Rd8 17.Qg3 Ne8 18.Be3 b6 19.Rad1 Qe7 20.Bf4 Ba6 21.Ne3 Bd4 22.Nxg4 Ng7
23.Qf3 Nh5 24.Be3 Bg7 25.Nh6+ Kf8 26.Bg5 Bf6 27.Nf5 Qe5 28.Bh6+ Bg7 29.Nxg7
Nxg7 30.Bf4 Qf6 31.Qg4 Bc8 32.Qg3 Qe7 33.Nb5 Ne8 34.e5 dxe5 35.Bxe5 Kg8 36.d6
Qe6 37.Qh4 f6 38.Bxf6 {#r} 1-0

[Event "Ch India"]
[Site "masterchessopen.com - Visakhapatnam (India)"]
[Date "2004.12.08"]
[Round "6"]
[White "Shetty Rahul (IND)"]
[Black "Sriram Jha (IND)"]
[Result "1/2-1/2"]
[WhiteElo "2369"]
[BlackElo "2431"]

1.d4 Nf6 2.c4 c5 3.d5 e6 4.Nc3 exd5 5.cxd5 d6 6.e4 g6 7.Nf3 Bg7 8.Be2 O-O
9.O-O Re8 10.Nd2 Na6 11.Re1 Nc7 12.a4 b6 13.Bf1 Rb8 14.Nc4 Ba6 15.Bf4 Bxc4
16.Bxc4 a6 17.e5 Nh5 18.exd6 Nxf4 19.dxc7 Rxe1+ 20.Qxe1 Qxc7 21.Qe4 Bxc3
22.bxc3 b5 23.axb5 axb5 24.Bxb5 Nxd5 25.Bc4 Nf6 26.Qf3 Kg7 27.g3 h5 28.h3 Rb2
29.Re1 Qd6 30.Kg2 Qc7 31.Re3 Qd6 32.Qa8 h4 33.Qa7 Qc6+ 34.Rf3 Rb7 35.Qa2 hxg3
36.fxg3 Re7 37.Qa6 Qxa6 38.Bxa6 Ra7 39.Bc4 Ra4 40.Bb3 Ra3 41.Bc4 Ra4 42.Bb3
Ra7 43.Re3 Ra3 44.Bc4 Ra4 45.Bb3 Ra3 46.Bc4 Ra4 {#d} 1/2-1/2

[Event "It (open)"]
[Site "masterchessopen.com - Krakow (Poland)"]
[Date "2004.12.30"]
[Round "4"]
[White "Jedynak Radoslaw (POL)"]
[Black "Caba Tomasz (POL)"]
[Result "0-1"]
[WhiteElo "2415"]
[BlackElo "2153"]

1.d4 Nf6 2.c4 c5 3.d5 g6 4.Nc3 d6 5.e4 Bg7 6.Nf3 O-O 7.Be2 e6 8.O-O exd5
9.cxd5 Re8 10.Nd2 Na6 11.Re1 Nc7 12.a4 b6 13.h3 Rb8 14.Qc2 a6 15.Nc4 b5
16.axb5 Nxb5 17.Nxb5 axb5 18.Na5 Bd7 19.Bf4 Nxe4 20.Nc6 Bxc6 21.dxc6 Qf6
22.Bxb5 Qxf4 23.c7 Nxf2 24.Rxe8+ Rxe8 25.Bxe8 Bd4 26.Bxf7+ Kg7 27.Qc3 Nxh3+
28.Kh1 Nf2+ 29.Kg1 Ng4+ 30.Qxd4+ Qxd4+ 31.Kh1 Qxb2 32.Re1 Qf2 {#R} 0-1

[Event "Extraliga 2004/05"]
[Site "masterchessopen.com - Czech Republic"]
[Date "2005.02.19"]
[Round "6"]
[White "Timoscenko Gennadij (SVK)"]
[Black "Simacek Pavel (CZE)"]
[Result "0-1"]
[WhiteElo "2518"]
[BlackElo "2463"]

{ Timoscenko Gennadij (SVK) +1 =0 -0 Simacek Pavel (CZE) +0 =0 -2 Timoscenko
Gennadij (SVK)-Simacek Pavel (CZE) +1 =0 -0 } 1.d4 Nf6 2.c4 c5 3.d5 e6 4.Nc3
exd5 5.cxd5 d6 6.Nf3 g6 7.Nd2 Bg7 8.e4 O-O 9.Be2 Re8 ( 9...Na6 10.O-O Nc7
11.a4 Re8 12.h3 b6 13.Re1 Rb8 14.Bf1 Qd7 15.Nf3 Bb7 16.Bf4 a6 17.Bh2 Ra8
18.Rb1 b5 19.e5 Nfxd5 20.Ne4 c4 21.Nxd6 Reb8 22.Ng5 Ne6 23.Ngxf7 Bc6 24.Qg4
Qe7 25.Bg3 Rf8 26.Bh4 Qd7 27.Ng5 Nxg5 28.Bxg5 Nc7 29.Qxd7 { ...1-0, Prakken
Gerrit 2280 - Simacek Pavel 2341 , Olomouc 2000 It (cat.4) "Proclient Cup" } )
10.O-O Na6 11.Re1 Nc7 ( 11...Rb8 12.Bf1 Nc7 13.a4 a6 14.a5 Bd7 15.Nc4 Nb5
16.Bg5 h6 17.Bh4 g5 18.Bg3 Nxc3 19.bxc3 Nxe4 20.Nxd6 Nxg3 21.Nxe8 Bxe8 22.hxg3
Bxc3 23.Qc2 Bxa1 24.Rxa1 Qxd5 25.Bc4 Qe5 26.Rd1 Kg7 27.Rd5 Qa1+ 28.Kh2 Bc6
29.Rxc5 Re8 30.Bxa6 Re1 31.Qc3+ { ...0-1, Kuzmin Gennadi P 2510 - Simantsev
Mikhail 2402 , Alushta 15. 5.2004 Ch Ukraine (team) } ) 12.a4 { = } 12...a6 (
12...b6 13.Qc2 Na6 14.Bb5 Nb4 15.Qd1 Bd7 16.Nc4 Ng4 17.Bf4 Bd4 18.Bg3 f5
19.Re2 fxe4 20.Nxe4 Bxb5 21.axb5 Nf6 22.Nxf6+ Qxf6 23.Rxa7 Nxd5 24.Nxd6 Rxa7
25.Nxe8 Qg5 26.Nd6 h5 27.Ne4 Qf5 28.h3 Nf4 29.Re1 Rd7 30.Qb3+ Kg7 31.Bxf4 Qxf4
32.Qe6 { ...0-1, Lokvenc Josef - Tal Mikhail 2650 , Miskolc 1963 Memorial
L.Asztalos } ) 13.Bf1 { N } ( 13.a5 Bd7 14.Bf3 ( 14.Nc4 Nb5 15.Bf3 h6 16.h3 g5
17.Nxb5 Bxb5 18.Ne3 Bd7 19.Nf1 Nh7 20.Bg4 Nf8 21.Bd2 Ng6 22.Ng3 Bxb2 23.Rb1
Be5 24.Bxd7 Qxd7 25.Nf5 Bg7 26.Qh5 Ne5 27.Nxh6+ Bxh6 28.Qxh6 g4 29.Qg5+ Kf8
30.Qf6 { 1-0, Jensen Jacob Bjerre 2169 - Hagen Andreas Skytte 2235 , Aarhus 6.
7.2002 Tournament } ) 14...Bb5 15.Na4 Qe7 16.Nb6 Rad8 17.Nf1 Na8 18.Nxa8 Rxa8
19.Bg5 Qf8 20.Qc2 Nd7 21.Ne3 h6 22.Bh4 Bd4 23.Nc4 Bxc4 24.Qxc4 Ne5 25.Qc2 f5
26.exf5 Nxf3+ 27.gxf3 Qxf5 28.Qxf5 gxf5 29.Bg3 Bxb2 30.Rxe8+ Rxe8 31.Rb1 Re2
32.Kf1 Rc2 { ...1/2-1/2, Brondum Eric 2219 - Horvath Tamas I 2307 , Farum 1982
Ch Cleveland } ) ( 13.Rb1 Bd7 14.b4 cxb4 15.Rxb4 Ng4 16.Bxg4 Bxg4 17.Qxg4 Bxc3
18.Rxb7 Nxd5 19.Rd1 Nf6 20.Qf3 Qc8 21.Rb3 Bxd2 22.Bxd2 Nxe4 23.Be3 Rb8 24.Rbd3
Nc3 25.Rf1 Qc4 26.Bh6 Ne2+ 27.Kh1 Nd4 28.Qd1 Nf5 29.Bg5 Re4 30.Bf6 Rbe8 31.a5
Re2 32.h3 Qc5 { ...1/2-1/2, Toran Albero Roman 2445 - Perez Fungueiro Manuel
Antonio 2245 , Madrid 1959 It } ) ( 13.f4 Rb8 14.a5 Bd7 15.Bf3 Bb5 16.Nf1 Bxf1
17.Kxf1 Nd7 18.g3 b5 19.axb6 Rxb6 20.Qc2 Qb8 21.Ra2 Nb5 22.Nxb5 axb5 23.Bd2 b4
24.b3 Rb7 25.Ra6 Ra7 26.Qd3 Bd4 27.Be3 Bxe3 28.Rxe3 Qc7 29.Qb5 Rxa6 30.Qxa6 c4
31.Qxc4 Qxc4+ 32.bxc4 Nc5 { ...0-1, Andersen Bjarne Hjorth - Matulovic Milan
2424 , Habana 1966 Olympiad } ) ( 13.Qc2 Rb8 14.a5 Bd7 15.Nf1 ( 15.h3 Nb5
16.Bc4 Nd4 17.Qd3 Bb5 18.Rd1 Bxc4 19.Nxc4 Nb3 20.Ra4 Nxc1 21.Rxc1 Nd7 22.f4 b5
23.axb6 Nxb6 24.Ra2 Nxc4 25.Qxc4 Rb4 26.Qxa6 Bxc3 27.bxc3 Rbxe4 28.Rf1 Qf6
29.Qc6 Re2 30.Rf2 Re1+ 31.Kh2 Kg7 32.Ra6 R8e3 { ...0-1, Tan Matthew 2295 -
Tran C, Kuala Lumpur 1993 Ch Asia (team) } ) 15...Nb5 16.Nxb5 axb5 17.Ng3 h5
18.Bg5 Qc7 19.b4 Nh7 20.Bf4 h4 21.Nf1 Nf6 22.Nd2 c4 23.Ra3 Rbc8 24.f3 Nh5
25.Be3 Be5 26.Bb6 Qb8 27.Bf2 g5 28.Nf1 Nf4 29.Ne3 Qc7 30.Bf1 Kg7 31.g3 hxg3
32.hxg3 Nh5 { ...0-1, Glotov Mikhail 2169 - Simantsev Mikhail 2402 , Serpukhov
2002 It (d) } ) 13...Rb8 14.a5 ( 14.Nc4 b5 15.axb5 axb5 16.Na5 Bd7 17.f3 b4
18.Nb1 Qe7 19.Be3 Ra8 20.Nd2 Nb5 21.Ndc4 Reb8 22.e5 dxe5 23.d6 Qd8 24.Bxc5 Nd4
25.Rxe5 Ne6 26.Bf2 Nh5 27.Rd5 Nhf4 28.Rd2 Qg5 29.g3 Nh5 30.Rd5 Qd8 31.Ne5 Bxe5
32.Rxe5 Qf6 33.f4 Nhg7 { ...1-0, Panno Oscar 2482 - Reinhardt Enrique
Heinrich, Buenos Aires 1963 Tournament } ) 14...Bd7 { +0.11 CAP } 15.Qb3 { N }
( 15.Nc4 Nb5 16.Bg5 h6 17.Bh4 g5 18.Bg3 Nxc3 19.bxc3 Nxe4 20.Nxd6 Nxg3 21.Nxe8
Bxe8 22.hxg3 Bxc3 23.Qc2 Bxa1 24.Rxa1 Qxd5 25.Bc4 Qe5 26.Rd1 Kg7 27.Rd5 Qa1+
28.Kh2 Bc6 29.Rxc5 Re8 30.Bxa6 Re1 31.Qc3+ Qxc3 32.Rxc3 Re5 33.Bd3 Rxa5 34.g4
Kf6 { ...0-1, Kuzmin Gennadi P 2510 - Simantsev Mikhail 2402 , Alushta 15.
5.2004 Ch Ukraine (team) } ) 15...Nb5 16.Nxb5 Bxb5 17.Bxb5 axb5 18.Qxb5 Nxd5
19.Nf3 Nb4 20.Re2 Re6 21.Bf4 Qe8 22.Qxe8+ { ?! } ( 22.Qc4 { !? } 22...h6
23.Bd2 Nc6 24.Bc3 { } ) 22...Rbxe8 23.Rd2 Bf8 24.Rad1 { ? } ( { ? } 24.Bg3 f6
25.Rdd1 Kg7 26.Nd2 { } ) 24...Rxe4 25.Bxd6 Bh6 26.Kf1 Bxd2 27.Nxd2 Rh4 28.Bxc5
Nd3 29.Nf3 Nxb2 30.Rb1 Rc4 { ?! } ( 30...Ra4 { !? } 31.g3 Nd3 32.Be3 Rb4 { } )
31.Be3 Rb4 { ? } ( 31...Nd3 32.Rxb7 Ra4 33.g4 Rxa5 { } ) 32.Bd2 Rb3 33.Bc1 Rc8
34.Ne1 Rc5 { ? } ( 34...Rxc1 35.Rxc1 Kg7 36.g4 Ra3 { } ) 35.Rxb2 Rxb2 36.Bxb2
Rxa5 37.Ke2 Kf8 38.Kd3 Ke7 39.Nc2 Ra8 40.g4 Ke6 41.f4 Rc8 42.f5+ { ?! } (
42.h4 { !? } 42...Ra8 43.Be5 { } ) 42...gxf5 43.Nd4+ Ke5 44.Ne2+ Kd6 45.gxf5
Rg8 46.Ng3 Rg4 47.Ne4+ Kc6 48.Nf6 Rf4 49.Nxh7 Rxf5 50.Nf6 Kd6 51.h4 Ke6 52.Ne4
Rf3+ 53.Ke2 Rf4 54.Ng5+ Kd5 55.Nf3 Ke4 56.Ng5+ Kf5 57.Nxf7 Rxh4 58.Kd3 Ke6
59.Nd8+ Kd5 60.Kc2 b6 61.Nf7 Kc4 62.Ne5+ Kb4 63.Nd3+ Ka4 64.Bf6 Rh2+ 65.Kc3
Rh3 66.Be7 Kb5 67.Kd4 Rh7 68.Bd6 Rd7 69.Kd5 Rd8 70.Ne5 Rc8 71.Nd3 Rc3 72.Kd4
Rc8 73.Ke3 Rc6 74.Bf8 Rc8 75.Bg7 Kc4 76.Ne5+ Kb3 77.Nf3 Rd8 78.Bd4 b5 79.Kd3
Rc8 80.Nd2+ Ka4 81.Be5 Rc1 82.Bb2 Rc6 83.Bd4 Kb4 84.Ne4 Ka3 85.Bc5+ Kb3
86.Nd2+ Kb2 87.Kd4 Rc8 88.Bb4 Kc2 89.Nf3 {#R} 0-1